000 00582nam a2200229 a 4500
001 11157
003 CO-ViMGA
008 141112s2004 ck r 000 u spa d
020 _a9800105999
040 _aCO-ViMGA
_bspa
_cCO-ViMGA
082 0 4 _a701 C65c
100 1 _aCompagnon, Antoine
_915498
245 1 0 _aLas cinco paradojas de la modernidad
250 _a1
260 _aCaracas,
_cMonte Avila editores,
_c1993
300 _a138 p.
490 _aEstudios
650 1 4 _aFILOSOFIAS DEL ARTE
_915499
650 1 4 _aMODERNIDAD
650 1 4 _aREALISMO
_950769
942 _2ddc
_cBK
999 _c22370
_d22370